02210nam a2200253 u 4500001000800000005001700008007001000025008004100035035001200076040001300088041000800101080000700109100003700116245011200153260004300265300001300308520147200321650003801793650004001831650001901871700004601890502001201936526000801948120603920260508070157.0co|||||||100701s2010 mul  a1206039 ccomduadb amul aWY10aGonzalez Marin, Aychel4auteaut10aTransicion del cuidado del paciente con reposo prolongado susceptible a desacondicionamiento cardiovascular aMedellín :b[sin publicador],c2010. a1 CD-ROM3 aEl paciente sometido a reposo prolongado tiene riesgo de presentar desacondicionamiento cardiovascular, lo que representa un desafío para el profesional de enfermería por la diversidad de sus alteraciones y por los retos que deben enfrentar sus cuidadores para su cuidado. Para esto se hace indispensable el acompañamiento que brinda el profesional de enfermería, no sólo educando y orientando al paciente y a sus cuidadores, sino también ofreciendo un cuidado oportuno, indicado e individualizado, para minimizar y prevenir la aparición de complicaciones. Para el logro de este desafío el profesional, la enfermera debe desarrollar y trasmitir al paciente y a la familia planes de cuidados individualizados, fundamentados en la evidencia científica, con pautas que les permitan reconocer el riesgo de su paciente de presentar el desacondicionamiento cardiovascular a causa del reposo prolongado. La construcción de los cuidados de enfermería para la atención de los pacientes con desacondicionamiento cardiovascular a causa del reposo prolongado que pasa de los servicios de hospitalización y al hogar, representó la motivación principal en la elaboración del trabajo monográfico, porque el cuidado aunque cambie de esfera de atención, debe tener continuidad para lograr el máximo de funcionalidad, independencia y autonomía, por medio de acciones que permitan lograr gradualmente la rehabilitación y el reacondicionamiento. aCuidados de enfermeria en adultos aDesacondicionamiento cardiovascular aReposo en cama10aMejía Lopera, María Eugenia4thseths b159c16 a161